Formación ética y ciudadana : cuestiones de filosofía /

Guardado en:
Autor Principal: Elena, Sandra
Otros Autores: De Luca, Miguel, Nosiglia, María Catalina, coord.
Formato: Libro
Publicado: Buenos Aires : Estrada, 1999
Series:Libros con libros
Materias:
Etiquetas: Agregar Etiqueta
Sin Etiquetas, Sea el primero en etiquetar este registro!
LEADER 01441nam a22003015a 4500
001 CEM.cems016478
005 20110527110051.0
008 130507s1999##################000#0#####d
003 CEMS
020 |a 9500107619 
082 0 4 |a 320 
100 1 |a Elena, Sandra 
245 1 0 |a Formación ética y ciudadana :  |b cuestiones de filosofía /  |c Sandra Elena ... [et Al.] 
260 |a Buenos Aires :  |b Estrada,  |c 1999 
300 |a 255 p. 
490 0 |a Libros con libros 
500 |a Para nivel polimodalacompaña al texto cuadernillo de actividades 
505 0 |a Etica y filosofía -- Tradiciones filosóficas fundamentales -- Teorías de la justicia -- Críticas al liberalismo -- El Estado y la democracia -- El Estado moderno -- La revolución histórica y las formas de organización del Estado moderno -- La democracia -- La democracia y la ciudadanía -- La participación política y social -- Los partidos políticos 
653 |a Formación ética 
653 |a Formación ciudadana 
653 |a Democracia 
700 1 |a De Luca, Miguel 
700 1 |a Nosiglia, María Catalina, coord. 
859 |a CEMS  |b BIB. CEMS - Agricultura  |h 320  |i N841  |p A0016.00  |t Ej.1 
859 |a CEMS  |b BIB. CEMS - Agricultura  |h 320  |i N841  |p A0060.00  |t Ej.2 
859 |a CEMS  |b BIB. CEMS - Agricultura  |h 320  |i N841  |p A0062.00  |t Ej.3 
859 |a CEMS  |b BIB. CEMS - Agricultura  |h 320  |i N841  |p A0064.00  |t Ej.4 
859 |a CEMS  |b BIB. CEMS - Agricultura  |h 320  |i N841  |p A0348.01  |t Ej.5